000 01091nam a22003257a 4500
003 CHAP
005 20220329143422.0
008 090602s2007 mx r 00010 spa d
010 _a96297
011 _a97269
020 _a9706869142
035 _a107933
040 _cCHAP
082 0 4 _a330
_bM31y 2007
100 1 _aMankiw, N. Gregory.
_970496
245 1 0 _aPrincipios de economia
_c/por N. Gregory Mankiw
250 _a4 ed.
260 _aMéxico, DF. :
_bCengage Learning,
_c2007
300 _axxviii, 629 p.
_bgráfs., tablas
534 _pTít. original :
_tPrinciples of economics,
_b4 ed.
590 _aBATCH-UPD
_b10
_c20130110
_lUCH01
_h1839
590 _aBATCH-UPD
_b10
_c20130410
_lUCH01
_h1210
590 _aBATCH-UPD
_b10
_c20130914
_lUCH01
_h1233
590 _aCONVERSION
_b10
_c20130109
_lUCH01
_h1353
650 1 4 _aEconomía.
_935226
901 _aBK
942 _cLIBRO
949 _a330 M31y 2007
_bBC
_cLIBRO
_d33724002093926
_eLIBRO
_gI. c/e
_h110616
_i107933
_so
_t$400.00
949 _a330 M31y 2007
_bBC
_cLIBRO
_d33724002093967
_eLIBRO
_fc.2
_gI. c/e
_h110617
_i107933
_so
_t$400.00
999 _c96297
_d96297